| 000 | 00420nam a2200157Ia 4500 | ||
|---|---|---|---|
| 005 | 20250529022410.0 | ||
| 008 | 240331s9999 xx 000 0 und d | ||
| 020 | _a9789559102878 | ||
| 082 |
_bRIC _a303 |
||
| 100 | _aRichadson,J | ||
| 245 | 0 | _aYuddaye padam palavipaka saha pasubaseem | |
| 260 |
_aColombo _bSocial Scientists Association _c2008 |
||
| 300 | _a46 p ., | ||
| 500 | _aconsequences and setbacks | ||
| 942 | _cL | ||
| 999 |
_c5266 _d5266 |
||